|
|
|
|
| LEADER |
00000cam a2200000 a 4500 |
| 001 |
vtls001071211 |
| 003 |
SK-MaSNL |
| 005 |
20260301193503.0 |
| 008 |
240315s1993 xo 0000f slo |
| 015 |
|
|
|a SNBA1993/05
|
| 020 |
|
|
|a 8085516470
|q (brož.)
|
| 035 |
|
|
|a SNK000014042
|
| 040 |
|
|
|a SNK
|b slo
|c SNK
|e AACR2
|
| 041 |
1 |
|
|a slo
|a eng
|
| 044 |
|
|
|a xo
|c SK
|
| 080 |
|
|
|a 820 (73)-3
|2 1981
|
| 100 |
1 |
|
|a Hoag, Tami,
|d 1959-
|4 aut
|9 240681
|
| 240 |
1 |
0 |
|a Taken by Storm
|l Slovensky
|
| 245 |
1 |
0 |
|a Tajfún sa vracia
|c Tami Hoag ; preklad V. Remeková
|
| 250 |
|
|
|a 1. vyd.
|
| 260 |
|
|
|a Martin
|b Wist
|c 1993
|e Žilina
|f Danubiaprint
|
| 300 |
|
|
|a 177 s.
|c 17 cm
|
| 490 |
1 |
|
|a Love story
|v 14
|
| 500 |
|
|
|a Preložené z angličtiny
|
| 655 |
|
7 |
|a americké romány
|2 SNKPH
|9 1174
|
| 655 |
|
7 |
|a ľúbostné romány
|2 SNKPH
|9 70497
|
| 700 |
1 |
|
|a Remeková, Vladimíra
|4 trl
|9 240623
|
| 830 |
|
0 |
|a Love story
|9 276554
|
| 852 |
|
|
|a Slovenská národná knižnica
|
| 919 |
|
|
|a 80-85516-47-0
|
| 958 |
|
|
|a UC
|
| 958 |
|
|
|a LX
|
| 958 |
|
|
|a TL
|
| 958 |
|
|
|a UP
|
| 958 |
|
|
|a NS
|
| 968 |
|
|
|b ENG
|d Z angl. orig.
|
| 999 |
|
|
|c 877539
|d 879469
|
| 952 |
|
|
|t P60, <05>, [BOOK], {605}
|a SNK
|b SNK
|y PREZ
|7 0
|p 17A0350166
|o snkSD 65292 D1
|i snkKSP 3313/93
|0 0
|1 0
|4 0
|d 2002-08-14
|l 0
|r 2004-12-31 00:00:00
|w 2026-02-24
|
| 952 |
|
|
|a SNK
|b SNK
|y PREZ
|7 0
|p 17A1034444
|o snkSD 65292
|0 0
|1 0
|4 0
|d 2013-07-18
|l 0
|r 2026-02-24 06:04:04
|w 2026-02-24
|